LIBRARY & INFORMATION CENTRE, KCAET, TAVANUR

ONLINE PUBLIC ACCESS CATALOGUE (OPAC)

Eighteenth century critical essays / (Record no. 5308)

MARC details
000 -LEADER
fixed length control field 00485cam a2200193ua 4500
041 ## - LANGUAGE CODE
Language code of text/sound track or separate title eng
082 ## - DEWEY DECIMAL CLASSIFICATION NUMBER
Classification number 828.09
Item number ELL/EI
100 ## - MAIN ENTRY--AUTHOR NAME
Personal name Elledge, Scott .
245 ## - TITLE STATEMENT
Title Eighteenth century critical essays /
250 ## - EDITION STATEMENT
Edition statement 1 /
260 ## - PUBLICATION, DISTRIBUTION, ETC. (IMPRINT)
Place of publication New York :
Name of publisher Cornell university Press ,
Year of publication 1961.
300 ## - PHYSICAL DESCRIPTION
Number of Pages 565 ; .
942 ## - ADDED ENTRY ELEMENTS (KOHA)
Koha item type Books
Holdings
Withdrawn status Lost status Damaged status Home library Current library Date acquired Full call number Accession Number Koha item type
Withdrawn     KAUAET Malayalam University 07/04/2012 828.09 5251 Books
Withdrawn     KAUAET Malayalam University 07/04/2012 828.09 5252 Books
free website counter